[Event "Tournoi Skype 019B"]
[Site "Skype"]
[Date "????.??.??"]
[Round "7.22"]
[White "Martin, Elise"]
[Black "Baker, Abi"]
[Result "1-0"]
[WhiteElo "1070"]
[BlackElo "1165"]
[PlyCount "111"]

1. d4 d5 2. e3 g6 3. Nf3 Bg7 4. c4 Nf6 5. Nc3 Bg4 6. Be2 Nc6 7. h3 Bxf3 8. Bxf3
dxc4 9. O-O Qd6 10. Be2 Nd5 11. Bxc4 Nxc3 12. bxc3 O-O 13. Qb3 e5 14. dxe5 Nxe5
15. Bb5 a6 16. Be2 b5 17. Bb2 c5 18. Qc2 c4 19. Qc1 f5 20. Ba3 Nf3+ 21. Bxf3
Qd3 22. Bxa8 Rxa8 23. Rd1 Qxc3 24. Qxc3 Bxc3 25. Rac1 b4 26. Bxb4 Bxb4 27. Rxc4
Ba3 28. Rd7 a5 29. Rcc7 Bb2 30. Rxh7 a4 31. Rb7 Ba1 32. g4 f4 33. Rh6 g5 34.
Rg6+ Kf8 35. Rxg5 fxe3 36. fxe3 Rc8 37. Kg2 Rc2+ 38. Kf3 Rxa2 39. Rb8+ Ke7 40.
h4 Bf6 41. Rgg8 Bxh4 42. Rb7+ Kd6 43. Rg6+ Kd5 44. Rd7+ Ke5 45. g5 Bf2 46. Rg8
a3 47. g6 Rb2 48. g7 a2 49. Rd1 Rb1 50. Rd2 a1=Q 51. Rxf2 Rb3 52. Re8+ Kf6 53.
g8=Q Qd1+ 54. Kf4 Qd6+ 55. Kf3 Qd1+ 56. Kg3+ 1-0

[Event "Tournoi Skype 019B"]
[Site "Skype"]
[Date "????.??.??"]
[Round "7.23"]
[White "Vervoort, Jean-Louis"]
[Black "Tekes, Gamze"]
[Result "1-0"]
[WhiteElo "1155"]
[BlackElo "1000"]
[PlyCount "63"]

1. e4 e5 2. c4 d6 3. Nc3 Nf6 4. Nf3 Be7 5. d3 O-O 6. Be2 c5 7. O-O Nc6 8. h3
Nh5 9. Ne1 Nf4 10. Bxf4 exf4 11. Bf3 Ne5 12. Nd5 Bh4 13. Nxf4 Qg5 14. Qd2 Nxf3+
15. Nxf3 Qh6 16. Rfe1 Re8 17. Re2 g5 18. Nd5 Qg6 19. g4 f5 20. Nc7 fxg4 21.
Nxe8 gxh3 22. Nh2 g4 23. Qf4 Bd7 24. Nf6+ Bxf6 25. e5 Bxe5 26. Rxe5 dxe5 27.
Qxe5 g3 28. Qxg3 Bg4 29. Nxg4 Qh5 30. Nf6+ Kf8 31. Nxh5 Re8 32. Qg7# 1-0

[Event "Tournoi Skype 019B"]
[Site "Skype"]
[Date "????.??.??"]
[Round "7.24"]
[White "Scata, Laura"]
[Black "Farthouat, Catherine"]
[Result "1-0"]
[WhiteElo "1000"]
[BlackElo "1122"]
[PlyCount "51"]

1. e4 c5 2. Nf3 d6 3. Bc4 e6 4. O-O Nf6 5. d3 Be7 6. Bg5 Nc6 7. Re1 O-O 8. d4
cxd4 9. Nxd4 Bd7 10. Nc3 a6 11. Qd2 h6 12. Bh4 Rb8 13. Qf4 e5 14. Nxc6 Bxc6 15.
Qg3 b5 16. Bb3 b4 17. Bxf6 Bxf6 18. Nd5 Bg5 19. Rad1 Qd7 20. h4 Bf4 21. Nf6+
Kh8 22. Nxd7 Bxg3 23. Nxb8 Rxb8 24. fxg3 f6 25. Rxd6 Rc8 26. Be6 1-0

[Event "Tournoi Skype 019B"]
[Site "Skype"]
[Date "????.??.??"]
[Round "7.25"]
[White "Yilmazer, Seher"]
[Black "Mimouni, Driss"]
[Result "1/2-1/2"]
[WhiteElo "1000"]
[BlackElo "1000"]
[PlyCount "161"]

1. e4 e5 2. d4 d5 3. dxe5 dxe4 4. Qxd8+ Kxd8 5. Bc4 Bb4+ 6. Bd2 Bc5 7. Bxf7 Nf6
8. exf6 gxf6 9. Ne2 Rf8 10. Bd5 f5 11. O-O c6 12. Bb3 a5 13. Nbc3 Bd6 14. Rae1
b5 15. Bg5+ Be7 16. Rd1+ Bd7 17. Be6 Kc7 18. Rxd7+ Nxd7 19. Bxe7 Rfe8 20. Bh4
Rxe6 21. Nf4 Re5 22. Rd1 Rae8 23. Nce2 e3 24. Rf1 Nc5 25. b4 Ne4 26. fxe3 Nd2
27. Rf2 Re4 28. bxa5 Rxe3 29. Ng3 Re1+ 30. Nf1 Nxf1 31. a6 Ng3+ 32. Rf1 Nxf1
33. g4 Ng3+ 34. Kg2 R8e3 35. Bxg3 Rd1 36. a7 Kb7 37. c4 bxc4 38. a4 Rd2+ 39.
Kh3 Rf3 40. Ne6 Kxa7 41. Nc7 Kb7 42. Ne6 Re2 43. gxf5 Ree3 44. Kg4 Re4+ 45. Kg5
Re5 46. Bxe5 c3 47. Nc5+ Kb6 48. Bd4 c2 49. Nb3+ Kc7 50. Be5+ Kd7 51. Nc5+ Kc8
52. Bb2 Rf1 53. a5 c1=Q+ 54. Bxc1 Rxc1 55. Ne6 Rg1+ 56. Kf6 Rh1 57. Ke7 Rxh2
58. Nd8 c5 59. a6 Re2+ 60. Kd6 Kxd8 61. Kxc5 Re5+ 62. Kd6 Rxf5 63. Ke6 Ra5 64.
Kf7 Rxa6 65. Kg7 Re6 66. Kxh7 Re5 67. Kg7 Re7+ 68. Kf8 Kd7 69. Kg8 Ke8 70. Kh8
Rf7 71. Kg8 Rf8+ 72. Kg7 Rf7+ 73. Kg6 Ke7 74. Kg5 Rf6 75. Kg4 Rf2 76. Kg3 Re2
77. Kf3 Re6 78. Kf4 Kf6 79. Kg4 Re4+ 80. Kh5 Re5+ 81. Kh6 1/2-1/2

[Event "Tournoi Skype 019B"]
[Site "Skype"]
[Date "????.??.??"]
[Round "7.26"]
[White "Schnell, Nicolas"]
[Black "Bacha, Mehdi"]
[Result "0-1"]
[WhiteElo "1000"]
[BlackElo "1066"]
[PlyCount "56"]

1. e4 Nf6 2. Nc3 d6 3. g4 Bxg4 4. Nf3 e5 5. d3 c5 6. Rg1 Nc6 7. Bg5 Nd4 8. Rg3
Nxf3+ 9. Ke2 Nxh2+ 10. f3 Nxf3 11. Bh3 Nxg5+ 12. Rf3 Bxf3+ 13. Kf2 Bxd1 14.
Rxd1 Nxh3+ 15. Ke1 Qb6 16. Rd2 Qxb2 17. Rd1 Qxc3+ 18. Ke2 Qxc2+ 19. Ke1 Nf2 20.
Ra1 Qc3+ 21. Kxf2 Qxa1 22. Ke3 Ng4+ 23. Kf3 Nh2+ 24. Ke3 Qc1+ 25. Ke2 Rc8 26.
a4 Qc2+ 27. Ke3 Be7 28. d4 Bg5# 0-1